Twelve who were chosen: (Record no. 5103)

000 -LEADER
fixed length control field 00558nam a2200181 a 4500
001 - CONTROL NUMBER
control field :::00002844$&:&@@
003 - CONTROL NUMBER IDENTIFIER
control field OkBaRHE
005 - DATE AND TIME OF LATEST TRANSACTION
control field 20000607103257.0
008 - FIXED-LENGTH DATA ELEMENTS--GENERAL INFORMATION
fixed length control field s1957 j 000 0 eng u
040 ## - CATALOGING SOURCE
Transcribing agency
100 1# - MAIN ENTRY--PERSONAL NAME
Personal name Barker, William Pierson.
245 10 - TITLE STATEMENT
Title Twelve who were chosen:
Remainder of title the disciples of Jesus.
260 ## - PUBLICATION, DISTRIBUTION, ETC. (IMPRINT)
Place of publication, distribution, etc Westwood, NJ., :
Name of publisher, distributor, etc Fleming H. Revell Co.
Date of publication, distribution, etc c1957
300 ## - PHYSICAL DESCRIPTION
Extent 127 p. ;
Dimensions 21 cm.
650 ## - SUBJECT ADDED ENTRY--TOPICAL TERM
Topical term or geographic name as entry element Apostles
942 ## - ADDED ENTRY ELEMENTS (KOHA)
Source of classification or shelving scheme
Koha item type Books
Copies
Price effective from Lost status Damaged status Not for loan Permanent Location Withdrawn status Date acquired Full call number Shelving location Barcode Source of classification or shelving scheme Koha item type Date last seen Copy number
2010-04-14   RHEMA Bible Training College 2010-04-14BS 2440 .B34General Stacks2844 Books2018-03-161